000 00403nam a2200157Ia 4500
008 240729s9999 xx 000 0 und d
022 _a2772-4212
245 0 _aJournal of Membrane Science Letters
260 _aNetherlands
260 _bElsevier
650 _a Chemistry
650 _aScience
856 _uhttps://doaj.org/toc/8169f77acf7a4ece91546d04ff719cc1
942 _2ddc
942 _cDOAJEJ
999 _c70771
_d70771
945 _a1
_bMadushi Gamage
_c1
_dMadushi Gamage